| 000 | 00419nam a2200157Ia 4500 | ||
|---|---|---|---|
| 008 | 230312s9999||||xx |||||||||||||| ||und|| | ||
| 020 | _a81-2591-853-1 | ||
| 082 |
_a621.3 _bBHA-F |
||
| 100 | _aBhattacharya,S.K | ||
| 245 | 0 | _aFundamentals of power Electronics | |
| 260 |
_bVikas Publishing House _aIndia _c2008 |
||
| 300 | _a180 | ||
| 546 | _aEng. | ||
| 650 |
_aEngineering _vOverview of Power Electronics |
||
| 942 | _cBK | ||
| 999 |
_c1489 _d1489 |
||